[Event "Galicia-ch U18"]
[Site "Padron"]
[Date "2020.02.22"]
[Round "1"]
[White "Represas Gomez, Lucas"]
[Black "Pena Varela, Martin"]
[Result "0-1"]
[WhiteElo "1559"]
[BlackElo "1981"]
[PlyCount "70"]
[EventDate "2020.02.22"]
[EventType "swiss"]
[EventRounds "8"]
[EventCountry "ESP"]
[SourceTitle "EXT 2023"]
[Source "ChessBase"]
[SourceDate "2022.10.05"]
[SourceVersion "1"]
[SourceVersionDate "2022.10.05"]
[SourceQuality "1"]

1. Nf3 d5 2. b3 Nf6 3. Bb2 Bf5 4. g3 c6 5. Bg2 e6 6. 0-0 h5 7. h4 Nbd7 8. d4 Bd6 9. Ba3 Bxa3 10. Nxa3 Ne4 11. c4 Rc8 12. b4 Qe7 13. Qb3 0-0 14. Rfc1 Bg4 15. Qb2 g5 16. hxg5 Bxf3 17. Bxf3 Qxg5 18. Bxe4 dxe4 19. Rc3 f5 20. Kh2 f4 21. Rg1 Kh8 22. d5 e5 23. e3 f3 24. Qb1 cxd5 25. Nb5 Nf6 26. Rh1 Rxc4 27. Rxc4 dxc4 28. Nd6 Qg6 29. Nxc4 Ng4+ 30. Kg1 Rc8 31. Nd2 Kg7 32. Nb3 Nxe3 33. Qe1 Ng4 34. Qd2 Rc7 35. Nc5 e3 0-1

[Event "Pontevedra op-B 6th"]
[Site "Pontevedra"]
[Date "2018.08.13"]
[Round "8"]
[White "Represas Gomez, Lucas"]
[Black "Iglesias Gonzalez, Sabela"]
[Result "0-1"]
[WhiteElo "1327"]
[BlackElo "1632"]
[PlyCount "66"]
[EventDate "2018.08.08"]
[EventType "swiss"]
[EventRounds "9"]
[EventCountry "ESP"]
[SourceTitle "CBM 186 Extra"]
[Source "ChessBase"]
[SourceDate "2018.08.24"]
[SourceVersion "1"]
[SourceVersionDate "2018.08.24"]
[SourceQuality "1"]

1. d4 Nf6 2. c4 g6 3. Nc3 Bg7 4. e4 d6 5. Bd3 0-0 6. Nf3 Nbd7 7. 0-0 e5 8. d5 Nc5 9. Bc2 a5 10. a3 Nfd7 11. Be3 f5 12. exf5 gxf5 13. b4 axb4 14. axb4 Rxa1 15. Qxa1 Na6 16. Qa3 Nb6 17. Nd2 e4 18. f3 exf3 19. Rxf3 Qh4 20. Bxb6 cxb6 21. Nb5 Qe1+ 22. Nf1 Nxb4 23. Bb3 f4 24. h3 Be5 25. Ba4 Bf5 26. Rb3 Nc2 27. Qa2 Nd4 28. Rf3 Nxf3+ 29. gxf3 Bxh3 30. Qc2 Qxf1+ 31. Kh2 Qxf3 32. Nc7 Qg3+ 33. Kh1 f3 0-1

[Event "Galego-ch U14"]
[Site "Viveiro"]
[Date "2016.02.07"]
[Round "4.9"]
[White "Represas Gomez, Lucas"]
[Black "Garcia Alvarez, Paula"]
[Result "0-1"]
[WhiteElo "1282"]
[BlackElo "1537"]
[PlyCount "68"]
[EventDate "2016.02.06"]
[EventType "swiss"]
[EventRounds "8"]
[EventCountry "ESP"]
[SourceTitle "EXT 2024"]
[Source "ChessBase"]
[SourceDate "2023.10.10"]
[SourceVersion "1"]
[SourceVersionDate "2023.10.10"]
[SourceQuality "1"]

1. e4 d5 2. exd5 Qxd5 3. Nc3 Qa5 4. d4 c6 5. Bd2 Qc7 6. Nf3 Nf6 7. g3 Bf5 8. Bg2 e6 9. Ne5 Nbd7 10. Bf4 Bd6 11. Qe2 h6 12. h4 Nb6 13. Rd1 0-0-0 14. Nb1 Nfd5 15. Nd2 Nxf4 16. gxf4 Bxc2 17. Rc1 Bf5 18. Ne4 Bxe4 19. Bxe4 Nd5 20. Bxd5 exd5 21. Qd3 f6 22. Nxc6 bxc6 23. Qa6+ Kd7 24. Rxc6 Qxc6 25. Qxa7+ Bc7 26. Kd2 Qb6 27. Qxb6 Bxb6 28. Rc1 Bxd4 29. b4 Bxf2 30. a4 Rhe8 31. Rc2 Be3+ 32. Kd3 Bxf4 33. b5 Re3+ 34. Kd4 Re4+ 0-1